|
|
|
|
| LEADER |
01599nam a2200433 a 4500 |
| 001 |
nkc20102030758 |
| 003 |
CZ PrNK |
| 005 |
20100329173200.0 |
| 007 |
ta |
| 008 |
100127s2010 xr a e p 000 0 cze |
| 015 |
|
|
|a cnb002030758
|
| 020 |
|
|
|a 978-80-7318-907-5
|q (brož.)
|
| 035 |
|
|
|a (OCoLC)607527587
|
| 040 |
|
|
|a BOA001
|b cze
|d ABA001
|
| 072 |
|
7 |
|a 531
|x Obecná mechanika. Mechanika pevných a tuhých těles
|2 Konspekt
|9 6
|
| 072 |
|
7 |
|a 37.016
|x Učební osnovy. Vyučovací předměty. Učebnice
|2 Konspekt
|9 22
|
| 080 |
|
|
|a 531
|2 MRF
|
| 080 |
|
|
|a 539.37
|2 MRF
|
| 080 |
|
|
|a (075.8)
|2 MRF
|
| 100 |
1 |
|
|a Šuba, Oldřich,
|d 1948-
|7 xx0004337
|4 aut
|
| 245 |
1 |
0 |
|a Mechanické chování těles /
|c Oldřich Šuba
|
| 250 |
|
|
|a Vyd. 5.
|
| 260 |
|
|
|a Zlín :
|b Univerzita Tomáše Bati ve Zlíně,
|c 2010
|
| 300 |
|
|
|a 101 s. :
|b il. ;
|c 30 cm
|
| 500 |
|
|
|a Nad názvem: Univerzita Tomáše Bati ve Zlíně, Fakulta technologická
|
| 500 |
|
|
|a 100 výt.
|
| 504 |
|
|
|a Obsahuje bibliografii
|
| 650 |
0 |
7 |
|a mechanika tuhých těles
|7 ph115250
|2 czenas
|
| 650 |
0 |
7 |
|a deformace pevných látek
|7 ph134740
|2 czenas
|
| 650 |
0 |
9 |
|a solid-state mechanics
|2 eczenas
|
| 650 |
0 |
9 |
|a deformation of solids
|2 eczenas
|
| 655 |
|
7 |
|a učebnice vysokých škol
|7 fd133772
|2 czenas
|
| 655 |
|
9 |
|a textbooks (higher)
|2 eczenas
|
| 710 |
2 |
|
|a Univerzita Tomáše Bati ve Zlíně.
|b Technologická fakulta
|7 kn20010709223
|
| 910 |
2 |
|
|a BOA001
|b 4-1238.775
|
| 990 |
|
|
|a BK
|
| 995 |
|
|
|a 01
|
| 991 |
|
|
|b 201003
|c NOV
|
| 996 |
6 |
|
|b 2610412917
|c 4-1238.775
|l MZK
|r Sklad / do 1 hodiny
|n 4
|p p.v.
|w 001110637
|u 000010
|a 1
|e BOA001
|j MZK50
|s P
|